000 00617nam a2200229Ia 4500
003 OSt
005 20220928120528.0
006 a|||||r|||| 00| 0
007 ta
008 220927b |||||||| |||| 00| 0 eng d
024 _a30068
037 _cTextual
040 _aSDCL
_cSDCL
_beng
041 _2eng
_aeng
082 _aV2'D6<C3, K9
100 _aAvasthi Avadbihari Lal
_9449742
245 0 _aPrachin Bharat ka Itihas.
260 _aLuckhnow
_bKailash Prakashan
_c1969
300 _axii,320p
_ccm.
942 _hV2'D6<C3, K9
_cTEXL
_2CC
999 _c764094
_d764094